000 00608nam a2200193Ia 4500
005 20260114185555.0
008 008 260114s9999 xx 000 0 eng d
020 _a9781350122994
037 _aEBOOK
040 _aCRL
_beng
_cCRL
041 _aeng
_2eng
084 _qCRL
100 _aJames Ryan and Susan Grant
_9871743
245 0 _aRevisioning Stalin and Stalinism Complexities, Contradictions, and Controversies
260 _bBloomsbury
_c2020
856 _uhttps://doi.org/10.5040/9781350122994?locatt=label:secondary_bloomsburyCollections
942 _cEBOOK
999 _c1470691
_d1470691